000 00309nam a22001337a 4500
008 170627b xxu||||| |||| 00| 0 eng d
020 _a9780176740740
041 _aeng
080 _210 ED
_a05
100 _a21
101 _aGJL
245 _aWIE GEHTS INTRODUCTORY GERMAN
_cPITTS.D
942 _2udc
_cBK
999 _c19300
_d19300